000 00644nam a22002057a 4500
999 _c9599
_d9599
003 AR-CdUCM
008 190328b ||||| |||| 00| 0 spa d
040 _aMUNICIPALIDAD PROVINCIAL DEL CUSCO
_cBIBLIOTECA MUNICIPAL DEL CUSCO
082 _aC / 869.20 /
_bS63P
100 _aSoler, Gustavo
_917694
245 _aLos Palidos Profetas /
260 _aArgentina :
_bStilcograf ,
_c1963.
300 _a58 páginas ;
_c20.3 cm.
500 _aContiene dedicatoria a Luis Nieto...
650 _aLiteratura Peruana
_9132
650 _aLiteratura Latinoamericana
_9799
650 _aLiteratura Reflexiva
_925912
942 _2ddc
_cLIBROS
945 _artm